1352 1899 1867 1075 1616 1456 1359 1368 1008 1035 1548 1625 1504 1374 1933 1357 1814 1706 1715 1029 1531 1451 1349 1438 1645 1985 1210 1138 1636 1123 1259 1854 1736 1754 1340 1781 1268 1761 1051 1977 1674 1890 1570 1599 1542 1774 1203 1874 1186 1388 1410 1397 1401 1296 1357 1149 1232 1916 1067 1007 1236 1410 1408 1377 1910 1120 1935 1998 1676 1789 1566 1064 1978 1601 1494 1655 1389 1169 1347 1392 1312 1577 1030 1584 1869 1741 1310 1233 1786 1334 1442 1009 1052 1629 1726 1658 1534 1286 1810 BCNSPRNW ULIB Ver.6.0+V

เปลี่ยนเป็นภาษาไทย

Change to English
 แสดงรายละเอียดบรรณานุกรม
  กลับหน้าหลัก

Brief Record : Get Marc (ISO 2709) : E-mail record : QR code < ปิดหน้าต่าง
LEADER : 00000nam 2200000uu 4500
001    13399112076
003     ULIB
008    110726s2548||||th 000 0 tha d
020    974994139X
020    978974941383
050  4 H62.5^bส882ก 2548
100 0  สุวิมล ว่องวาณิช
245 10 การวิจัยประเมินความต้องการจำเป็น =^bNeeds assessment research /^cสุวิมล ว่องวาณิช
246 31 Needs assessment research
250    พิมพ์ครั้งที่ 1
260    กรุงเทพฯ :^bสำนักพิมพ์แห่งจุฬาลงกรณ์มหาวิทยาลัย,^c2548
300    ก-น, 597 หน้า :^bภาพประกอบ ;^cซม
650  7 วิจัย
650  7 การประเมินความต้องการจำเป็น
650  7 ความต้องการ (จิตวิทยา)
945    ^p370^l0^i019801
995    ทศพร
999 ^a ทศพร
รายการนี้ยังไม่มีแท็ก
คุณยังไม่ได้ล็อกอิน คุณสามารถมีกิจกรรมร่วมกับเว็บไซต์ได้ แต่ต้องล็อกอินก่อน ::
  ล็อกอิน

รายการสื่อสารสนเทศ

ลำดับที่ ประเภท เลขเรียก/บาร์โค้ด สถานที่ สถานะ
- ไม่พบข้อมูล -

รายการใกล้เคียง
    หัวเรื่อง [วิจัย]

BibComment


ยังไม่เคยถูกคอมเมนท์

คอมเมนท์ทรัพยากรรายการนี้
  คอมเมนท์: การวิจัยประเมินคว..


 Copyright 2026. Bcnsprnw @Library